Construction workloads enter fourth year of decline, warns Federation of Master Builders (Record no. 82907)

MARC details
000 -LEADER
fixed length control field 01138cad a22002055a 4500
001 - CONTROL NUMBER
control field L152191
008 - FIXED-LENGTH DATA ELEMENTS--GENERAL INFORMATION
fixed length control field 110209e20110121xxk f 000 0 eng d
035 ## - SYSTEM CONTROL NUMBER
System control number (Sirsi) u152191
041 0# - LANGUAGE CODE
Language code of text/sound track or separate title eng
110 2# - MAIN ENTRY--CORPORATE NAME
Corporate name or jurisdiction name as entry element Federation of Master Builders
9 (RLIN) 465
245 00 - TITLE STATEMENT
Title Construction workloads enter fourth year of decline, warns Federation of Master Builders
Medium [electronic resource]
260 ## - PUBLICATION, DISTRIBUTION, ETC.
Date of publication, distribution, etc. 2011
490 ## - SERIES STATEMENT
Series statement Federation of Master Builders Press Release
Volume/sequential designation 21 January 2011
520 ## - SUMMARY, ETC.
Summary, etc. The SME (Small to Medium-sized Enterprise) construction sector is to set to begin a fourth year of falling workloads and a third of companies are expecting to cut their staffing levels this year, according to the latest State of Trade Survey from the Federation of Master Builders (FMB), the largest trade association in the UK construction industry.
590 ## - LOCAL NOTE (RLIN)
Local note KA
651 #4 - SUBJECT ADDED ENTRY--GEOGRAPHIC NAME
Geographic name United Kingdom
Chronological subdivision
690 ## - LOCAL SUBJECT ADDED ENTRY--TOPICAL TERM (OCLC, RLIN)
Topical term or geographic name as entry element BUILT ENVIRONMENT-CONSTRUCTION MARKET
856 40 - ELECTRONIC LOCATION AND ACCESS
Uniform Resource Identifier <a href="https://www.fmb.org.uk/news/press-releases/2011/january/construction-workloads-enter-fourth-year-of-decline-warns-fmb210111/">https://www.fmb.org.uk/news/press-releases/2011/january/construction-workloads-enter-fourth-year-of-decline-warns-fmb210111/</a>
Public note View the item free of charge at www.fmb.org.uk
942 ## - ADDED ENTRY ELEMENTS (KOHA)
Suppress in OPAC 0
Holdings
Withdrawn status Lost status Source of classification or shelving scheme Damaged status Not for loan Home library Current library Shelving location Date acquired Total Checkouts Full call number Barcode Date last seen Copy number Price effective from Koha item type
    Dewey Decimal Classification     Virtual Virtual Online 09/02/2011   ONLINE PUBLICATION 152191-2001 06/08/2019 1 06/08/2019 Book